Asian Countries by Desserts - Statistics

General Stats
  • This quiz has been taken 24 times
  • The average score is 9 of 16
Answer Stats
Picture Answer % Correct
China
95%
Japan
86%
Thailand
86%
Turkey
86%
Philippines
81%
India
76%
Malaysia
62%
Indonesia
52%
Cambodia
48%
Taiwan
48%
Iran
43%
Armenia
38%
Kazakhstan
38%
Afghanistan
33%
Sri Lanka
29%
Yemen
24%
No matching quizzes found
Score Distribution
Percent of People with Each Score
Percentile by Number Answered
Your Score History
You have not taken this quiz